000 02034nam1a2200361 i 4500
001 RU\NLR\bibl\227115
005 20260407071441.0
010 _a5-7133-1099-X
035 _a(NLR Aleph) 000223105
090 _a1297158
_c1297158
100 _a20020208d2001 u a0rusy50 ca
101 0 _arus
102 _aRU
105 _a||||s |||||
200 1 _aРоссия - Украина
_eДок. и материалы
_e[В 2 кн.]
_fМ-во иностр. дел Рос. Федерации, М-во иностр. дел Украины
_g[Редкол.: Чалый А.А. (отв. ред.) и др.]
210 _aМ.
_cМеждунар. отношения
_d2001
215 _d22
463 0 _1001224471
463 0 _1001224473
607 _aРоссийская Федерация
_jДокументы и материалы
_xВзаимоотношения с Украиной
_92166036
_3RU\NLR\auth\661303277
607 _aРоссийская Федерация
_jДокументы и материалы
_xВзаимоотношения
_yУкраина
_92233486
_3RU\NLR\auth\661340502
607 _aУкраина
_jДокументы и материалы
_xВзаимоотношения с Российской Федерацией
_92166039
_3RU\NLR\auth\661303279
607 _aУкраина
_jДокументы и материалы
_xВзаимоотношения
_yРоссийская Федерация
_92233485
_3RU\NLR\auth\661340501
686 _aТ3(2)74-64(2Ук)
686 _aТ3(2Ук)74-64(2)
702 1 _aЧалый
_bА. А.
_gАлександр Александрович
_4340
712 0 1 _4570
_aРоссийская Федерация
_bМинистерство иностранных дел
_3RU\NLR\AUTH\889986545
_9468766
712 0 1 _4570
_aУкраина
_bМинистерство иностранных дел
_3RU\NLR\AUTH\8810035028
_9568252
801 0 _aRU
_bNLR
_c20020208
_gPSBO
801 1 _aRU
_bNLR
_c20020208
852 _aNLR
_j2002-5/415
942 _cBOOK